MARC

LEADER 00000nam0a2200000 4500
001 257095
005 20231101233155.0
035 |a (RuTPU)RU\TPU\book\279862 
090 |a 257095 
100 |a 20140414d1987 k y0rusy50 ca 
101 0 |a rus 
102 |a RU 
105 |a a z 001zy 
200 1 |a Астрономо-геодезические исследования  |e сборник научных трудов  |f Уральский государственный университет им. А. М. Горького (УрГУ) ; под ред. К. А. Бархатовой 
210 |a Свердловск  |c Изд-во Уральского ун-та  |d 1987 
215 |a 188 с.  |c ил. 
320 |a Библиография в конце статей 
606 1 |a Геодезическая астрономия  |2 stltpush  |3 (RuTPU)RU\TPU\subj\5941  |9 33923 
610 1 |a астрономические координаты 
610 1 |a геодезические исследования 
610 1 |a наблюдательная астрономия 
610 1 |a космическая геодезия 
610 1 |a статистические методы 
610 1 |a прикладные методы 
675 |a 528.28  |v 3 
702 1 |a Бархатова  |b К. А.  |4 340 
712 0 2 |a Уральский государственный университет им. А. М. Горького (УрГУ)  |c (Свердловск/Екатеринбург)  |c (1945-2011)  |2 stltpush  |3 (RuTPU)RU\TPU\col\962 
801 1 |a RU  |b 63413507  |c 20140414 
801 2 |a RU  |b 63413507  |c 20141007  |g RCR 
942 |c BK